00773nam a22002177a 450000500170000001000340001702000260005103500130007703500130009003700130010303700270011608200110014310000210015424501820017526000300035727000540038730000220044150000500046370000190051370000230053220100821121828.0 aENG-101196 B-424032 a9789380032740c250.00 aEN-84729 aB-424032 bDBAD/PUB bResearchco Book Centre a155.25 aMcCrudden, Colin aYou unlimited :cby Colin McCrudden, Adrian Bourne [and] Christopher Lyonsbunlock the wealth in your head unleash your full potential enjoy the rewards of your unique talents / aNew DelhibWestlandc2010 bNew Delhie110002a47, Brij Mohan Road, Daryaganj a274p.c20cm (pbk) aincludes bibliographical references and index aBourne, Adrian aLyons, Christopher